Hunger Games - Quiz sur Katniss - Statistiques

Statistiques générales
  • Ce quiz a été pris 1 571 fois
    1 117 depuis la dernière actualisation
  • Le résultat moyen est 19 sur 29
Statistiques - réponses
Hint Réponse % Correct
Faits de base Couleur de ses cheveux Brun foncé
100%
Faits de base District d'origine District 12
99%
Faits de base Sa couleur préférée Vert
98%
Les Hunger Games Couleur de sa robe le jour de la Moisson Bleu
97%
Peeta & Katniss Combien d'enfants ont Peeta et Katniss ? 2
93%
Faits de base La coiffure caractéristique Une tresse
93%
Proches Prénom de son compagnon de Katniss lors des 74e et 75e Hunger Games et son futur mari Peeta Mellark
92%
Les Hunger Games Son arme de prédilection L'arc
89%
Proches Son alliée décédée durant les 74e Hunger Games provenant du District 11 Rue
84%
Faits de base Animal sur sa broche porte-bonheur Geai moqueur
83%
Proches Prénom de sa sœur Primrose Everdeen
83%
Proches Prénom de son mentor Haymitch Abernathy
81%
Faits de base Son âge à la mort de son père 11 ans
80%
Proches Ami d'enfance (garçon) Gale Hawthorne
79%
Proches Prénom de celle qui l'accompagne au Capitole Effie Trinket
75%
Les Films Actrice dans la Saga Jennifer Lawrence
75%
Proches Prénom de son styliste Cinna
71%
Les Hunger Games Son surnom lors de la cérémonie d'ouverture des 74e Hunger Games La fille du feu
65%
Peeta & Katniss Surnom que Katniss et Peeta reçoivent du public Les Amants Maudits
60%
Les Hunger Games Garçon qu'elle tue durant les 74e Hunger Games Cato
56%
Faits de base Couleur de ses yeux Gris
55%
Les Hunger Games Fille qu'elle tue durant les 74e Hunger Games Glimmer
39%
Les Hunger Games Femme qu'elle tue après les 75e Hunger Games Alma Coin
34%
Les Hunger Games Garçon qu'elle tue durant les 74e Hunger Games Marvel
32%
Proches Amie d'enfance (fille) Madge Undersee
27%
Faits de base Son plat préféré au Capitole Le ragoût d'agneau aux prunes séchées.
21%
Proches Prénom de son père Burdock Everdeen
20%
Les Hunger Games Garçon qu'elle tue durant les 75e Hunger Games Gloss
16%
Proches Prénom de sa mère Asterid March Everdeen
15%
Aucun quiz correspondant
Distribution des résultats
% des personnes avec chaque résultat
Percentile par nombre de réponses
Votre historique - résultats
Vous n’avez pas pris ce quiz depuis la dernière actualisation